LIBRARY & INFORMATION CENTRE, KCAET, TAVANUR

ONLINE PUBLIC ACCESS CATALOGUE (OPAC)

Julius Ceasar / (Record no. 499)

MARC details
000 -LEADER
fixed length control field 00426cam a2200181ua 4500
041 ## - LANGUAGE CODE
Language code of text/sound track or separate title eng
082 ## - DEWEY DECIMAL CLASSIFICATION NUMBER
Classification number 822
Item number SHA/JU
100 ## - MAIN ENTRY--AUTHOR NAME
Personal name Shakespeare, William.
245 ## - TITLE STATEMENT
Title Julius Ceasar /
260 ## - PUBLICATION, DISTRIBUTION, ETC. (IMPRINT)
Place of publication London :
Name of publisher Longman ,
Year of publication 1959.
300 ## - PHYSICAL DESCRIPTION
Number of Pages 271 ; .
942 ## - ADDED ENTRY ELEMENTS (KOHA)
Koha item type Books
Holdings
Withdrawn status Lost status Damaged status Home library Current library Date acquired Full call number Accession Number Koha item type
      KAUAET KAUAET 07/04/2012 822 12968 Books
Withdrawn     KAUAET KAUAET 16/11/2023 822 SHA/JU 12966 Books
Withdrawn     KAUAET Sanskrit University 07/04/2012 822 12969 Books
Withdrawn     KAUAET Sanskrit University 07/04/2012 822 12967 Books
Withdrawn     KAUAET Sanskrit University 07/04/2012 822 5530 Books
free website counter